[Event "Hamburg Seniors op 19th"]
[Site "Hamburg"]
[Date "2012.10.30"]
[Round "7"]
[White "Wang, Huanying"]
[Black "Noakes, Guenther"]
[Result "0-1"]
[WhiteElo "937"]
[BlackElo "1010"]
[PlyCount "86"]
[EventDate "2012.10.24"]
[EventType "swiss"]
[EventRounds "9"]
[EventCountry "GER"]
[SourceTitle "EXT 2015"]
[Source "ChessBase"]
[SourceDate "2014.11.20"]
[SourceVersion "1"]
[SourceVersionDate "2014.11.20"]
[SourceQuality "1"]

1. d4 Nf6 2. c4 d5 3. Nf3 Bg4 4. e3 e6 5. Qc2 Bf5 6. Qa4+ c6 7. c5 b5 8. Qd1 Bg4 9. Qd3 Bxf3 10. gxf3 Nbd7 11. Qc2 b4 12. Be2 a5 13. Nd2 g6 14. f4 Bg7 15. h4 h5 16. Bf3 0-0 17. 0-0 Nh7 18. Bg2 Qxh4 19. Nf3 Qe7 20. e4 dxe4 21. Qxe4 Rfc8 22. Be3 Nhf6 23. Qd3 Nd5 24. Bd2 N7f6 25. Bh3 Qc7 26. Ne5 Kh7 27. f5 exf5 28. Bxf5 gxf5 29. Qxf5+ Kg8 30. Rae1 Re8 31. Bg5 Qe7 32. Nxc6 Qxe1 33. Rxe1 Rxe1+ 34. Kg2 Re4 35. f3 Re2+ 36. Kg3 Rae8 37. Ne5 Ne7 38. Bxf6 Nxf5+ 39. Kf4 Nxd4 40. Kg5 Rg2+ 41. Kxh5 Bxf6 42. Ng4 Bd8 43. Nh6+ Kf8 0-1

[Event "Hamburg Seniors op 19th"]
[Site "Hamburg"]
[Date "2012.10.28"]
[Round "5"]
[White "Ludwig, Siegfried"]
[Black "Wang, Huanying"]
[Result "1-0"]
[WhiteElo "1358"]
[BlackElo "937"]
[PlyCount "43"]
[EventDate "2012.10.24"]
[EventType "swiss"]
[EventRounds "9"]
[EventCountry "GER"]
[SourceTitle "EXT 2015"]
[Source "ChessBase"]
[SourceDate "2014.11.20"]
[SourceVersion "1"]
[SourceVersionDate "2014.11.20"]
[SourceQuality "1"]

1. e4 d6 2. Nf3 Nc6 3. Bc4 e6 4. 0-0 Nf6 5. d3 h6 6. h3 Be7 7. Nc3 a6 8. a3 b5 9. Ba2 b4 10. Ne2 Qd7 11. Ng3 Bd8 12. c3 a5 13. cxb4 axb4 14. axb4 Nxb4 15. Bxe6 fxe6 16. Rxa8 c5 17. Kh1 Bb7 18. Ra1 d5 19. Ne5 Qb5 20. Qa4 Bc6 21. Qa7 Nxd3 22. Qf7# 1-0